| 000 | 00559cam a2200217ua 4500 | ||
|---|---|---|---|
| 001 | 517 | ||
| 005 | 20260515113157.0 | ||
| 008 | 110407n ii |||gr||||Z||||||eng | ||
| 020 | _a81-85842-72-8 | ||
| 040 | _cMAIN | ||
| 082 | _a327.11 | ||
| 245 |
_aInternational politics & Relations. _cBy L.S Srivastava. |
||
| 250 | _a8th. | ||
| 260 |
_aMeerut.: _bKrishna prakashan.,999. |
||
| 300 |
_axii, 296 p.: _c20 cm. |
||
| 653 | _aPolitical science. | ||
| 653 | _aInternational politics. | ||
| 700 | 1 | _aSrivastava, L. S., | |
| 700 | 1 | _aJoshi, V P., | |
| 942 | _cBK | ||
| 999 |
_c455 _d455 |
||